000 02165cam a22002895a 4500
001 E149093
002 ##
008 100111s2009 xxk 000 0 eng u
020 _a9781847037558
035 _a(Sirsi) u149093
041 0 _aeng
050 0 4 _a346.4104342 $2 18
110 2 _aTanfield Chambers
_94850
245 0 0 _aService charges and management
_blaw and practice
260 _aLondon
_bThomson Reuters
_c2009
300 _al, 1073p.
_c24cm.
350 _a130
505 2 _aConstruction of service charge provisions - - Particular forms of covenant relevant to service charges -- Repairs -- Statutory control of service charges --Insurance -- Managing agents - Legal costs -- Finance costs and interest -- Miscellaneous items --Rights to information -- The reasonableness of service charges -- Related charges -- Consultation requirements --The machinery of service charges - demands, certification and accounts -- Handling service charge funds -- Reserve funds, sinking funds and depreciation allowances -- Service charges and right to buy leases -- Landlords' remedies -- Tenants' remedies -- Commonhold finances -- The variation of terms in residential leases -- The leasehold valuation tribunal -- Court proceedings in respect of service charges -- Alternative dispute resolution -- VAT and tax -- Company law -- The appointment of a manager -- Acquisition orders -- The right to manage -- Voluntary control of service
520 _aProvides in-depth and practical help on an expanding area of landlord and tenant law, in both residential and commercial leases, and provides a step-by-step guide to the procedures. Identifies the types of disputes which most often occur, and suggests remedies for both landlords and tenants. Also provides an analysis of important case law.
520 _aSupersedes first edition (ISBN 042184390x)
590 _aKA
650 2 4 _aCOMMONHOLD AND LEASEHOLD REFORM ACT 2002
651 4 _aEngland and Wales
_y1543-
690 _aPROPERTY-LEASEHOLD PROPERTY-LANDLORD AND TENANT-SERVICE CHARGES
690 _aPROPERTY-COMMERCIAL PROPERTY-COMMERCIAL LANDLORD AND TENANT-COMMERCIAL SERVICE CHARGES
942 _n0
999 _c110370
_d110370